000 01033nam a2200277Ia 4500
001 Para_1197
003 CHAP
008 220125s1997 xx 000 0 und d
010 _a199923
040 _cCHAP
090 _aPA TESIS 1163
100 _aBautista García, Ana Luisa
_910911
245 _aEvaluación de tres métodos multirresiduos (Mills, Luke, Storherr), para el análisis de residuos de plaguicidas organofosforados en vegetales mediante cromatográfia de gases utilizando un detector termoiónico selectivo /
_c por Ana Luisa Bautista García
260 _aChapingo, Méx. :
_b El autor
300 _a55 h.
502 _aTesis (Ing. Agr. Esp. en Parasitología Agrícola), UACh. Depto. Parasitología
650 _aPesticidas
_x residuos
_987570
710 _aUACh. Departamento Parasitología Agrícola
_9164025
901 _aPA TESIS 1163
902 _aA
905 _a0000001997 0000000000 00
910 _a1997
942 _cPARA
942 _cPARA
_d1
999 _c199923
_d199923